| 000 | 00345pab a2200121 454500 | ||
|---|---|---|---|
| 008 | 180718b xxu||||| |||| 00| 0 eng d | ||
| 100 | _aArun Kumar | ||
| 245 | _aElaborating citizens' union budget: an alternative | ||
| 362 | _a29(26), 25 Jun 1994, p.1615-616 | ||
| 650 | _aBudget -- India | ||
| 773 | _aEconomic and Political Weekly | ||
| 909 | _a27142 | ||
| 999 |
_c27142 _d27142 |
||